000 00353nam a2200133Ia 4500
008 230724s2006 xx und d
020 _a3931884252
041 _aeng
082 _a363.1703
100 _aGREENBERG M.I.
245 _aTERRORIST, NATURAL AND MAN MADE DISASTERS
260 _bJONES AND BARTLETT PUBLICATION LONDON
_c2006
300 _a295
999 _c1174713
_d1174713